| 000 | 00386nam a2200145Ia 4500 | ||
|---|---|---|---|
| 008 | 230917s9999||||xx |||||||||||||| ||und|| | ||
| 040 |
_e160291 _aMAIN |
||
| 041 | _aEnglish | ||
| 082 | _a647.94068 R189H | ||
| 100 | _aRatandeep Singh | ||
| 245 | 0 | _aHotel front desk management and online services | |
| 260 |
_aNew Delhi _bKanishka Publishers _c2006 |
||
| 300 | _a381 p. | ||
| 942 | _cBK | ||
| 999 |
_c144068 _d144068 |
||